[Event "Torneo B"]
[Site "Formia ITA"]
[Date "1995.07.??"]
[Round "?"]
[White "Tribuiani, Renato"]
[Black "Messina, Enrico"]
[Result "0-1"]
[WhiteElo "2110"]
[BlackElo "2018"]
[PlyCount "74"]
[EventDate "1995.07.20"]

1. e4 c5 2. Nf3 d6 3. b4 cxb4 4. d4 Nf6 5. Bd3 g6 6. O-O Bg7 7. a3 bxa3 8. Nxa3
O-O 9. c3 Nc6 10. d5 Nb8 11. Nb5 a6 12. Be3 Bg4 13. h3 Bxf3 14. Qxf3 Nbd7 15.
Nd4 Ne5 16. Qe2 Nxd3 17. Qxd3 Nd7 18. f4 Nc5 19. Qc2 Qd7 20. g4 Rac8 21. Ra3
Rc7 22. f5 Qc8 23. h4 Nd7 24. fxg6 hxg6 25. Nf5 gxf5 26. gxf5 Rxc3 27. Qg2 Rxe3
28. Rxe3 Qc5 29. Qg5 Kh7 30. f6 Nxf6 31. Kh1 Qc8 32. Rxf6 exf6 33. Qh5+ Bh6 34.
Rf3 Qc1+ 35. Kh2 Qc2+ 36. Kh3 Qxe4 37. Rf1 Rg8 0-1

[Event "Torneo B"]
[Site "Formia ITA"]
[Date "1995.07.??"]
[Round "?"]
[White "Tribuiani, Renato"]
[Black "Mordiglia, Riccardo"]
[Result "1/2-1/2"]
[WhiteElo "2110"]
[BlackElo "2015"]
[PlyCount "92"]
[EventDate "1995.07.20"]

1. d4 d6 2. e4 e5 3. dxe5 dxe5 4. Qxd8+ Kxd8 5. Nf3 f6 6. Be3 Be6 7. Nbd2 Nd7
8. Bc4 Bxc4 9. Nxc4 Bc5 10. O-O-O Bxe3+ 11. Nxe3 Ne7 12. Rd3 Kc8 13. Nd2 Nc5
14. Rc3 b6 15. f3 Rd8 16. Nb3 Ne6 17. Rd1 Rxd1+ 18. Kxd1 Kb7 19. Rd3 Rd8 20.
Nc1 Rxd3+ 21. Nxd3 c6 22. c3 Kc7 23. Ke1 h5 24. Kf2 g5 25. g3 Kd6 26. Nc4+ Kc7
27. Ke3 Ng6 28. Na3 b5 29. Nc2 c5 30. Nce1 a5 31. Ng2 c4 32. Nc1 Kd6 33. Ne2
Nc5 34. Kd2 Ne6 35. Ne3 Ne7 36. Kc2 a4 37. Nc1 Nc5 38. b4 Ne6 39. Kd2 Kc6 40.
Ne2 Kd6 41. Ng2 Nd8 42. Ke3 Nf7 43. f4 Ke6 44. Ne1 Kd6 45. f5 Kc6 46. h3 Kd6
1/2-1/2

[Event "Torneo B"]
[Site "Formia ITA"]
[Date "1995.07.??"]
[Round "?"]
[White "Tribuiani, Renato"]
[Black "Niederstaetter, Harald"]
[Result "0-1"]
[WhiteElo "2110"]
[BlackElo "1911"]
[PlyCount "80"]
[EventDate "1995.07.20"]

1. d4 g6 2. e4 Bg7 3. Nf3 d6 4. Be2 Nf6 5. Nc3 O-O 6. h3 c6 7. O-O Qc7 8. Bg5
e5 9. d5 Nbd7 10. Qd2 cxd5 11. exd5 a6 12. a4 Nc5 13. Bxf6 Bxf6 14. b4 Nd7 15.
Ne4 Bg7 16. c4 f5 17. Neg5 Nf6 18. Rac1 h6 19. Ne6 Bxe6 20. dxe6 Rfe8 21. Nh4
Kh7 22. g4 Ne4 23. Qd3 Qe7 24. f3 Ng3 25. Nxg6 Nxe2+ 26. Qxe2 Kxg6 27. gxf5+
Kxf5 28. f4 Kxe6 29. fxe5 Qg5+ 30. Kh1 Bxe5 31. Qe4 Rab8 32. Rcd1 Kd7 33. c5
Qg3 34. Rf7+ Kd8 35. Rd2 Qxh3+ 36. Kg1 Rg8+ 37. Kf2 Qh2+ 38. Ke1 Rg1+ 39. Rf1
Rxf1+ 40. Kxf1 Qxd2 0-1

[Event "Torneo B"]
[Site "Formia ITA"]
[Date "1995.07.??"]
[Round "?"]
[White "Tribuiani, Renato"]
[Black "Vismara, Daniele"]
[Result "0-1"]
[WhiteElo "2110"]
[BlackElo "2254"]
[PlyCount "116"]
[EventDate "1995.07.20"]

1. e4 c5 2. Nc3 Nc6 3. Nge2 g6 4. g3 Bg7 5. Bg2 d6 6. Nd5 e6 7. Ne3 Nge7 8. c3
d5 9. exd5 exd5 10. d4 cxd4 11. Nxd4 Nxd4 12. cxd4 Be6 13. b3 Qa5+ 14. Bd2 Qb6
15. Bc3 Rc8 16. Bb2 O-O 17. O-O Rc7 18. Qd2 Rfc8 19. Rfd1 Nf5 20. Bxd5 Nxe3 21.
Bxe6 Nxd1 22. Bxc8 Nxb2 23. Rc1 Rxc1+ 24. Qxc1 Qxd4 25. Bxb7 Qd1+ 26. Qxd1 Nxd1
27. Kf1 Bd4 28. f3 Nc3 29. a4 f5 30. Ke1 Be3 31. a5 Kf7 32. b4 Ke6 33. Ba6 Kd5
34. b5 Kc5 35. b6 axb6 36. axb6 Kxb6 37. Bc4 g5 38. Bd3 f4 39. Bxh7 Kc5 40. Kf1
Kd4 41. g4 Nb5 42. Be4 Kc3 43. Kg2 Nd4 44. Kf1 Kd2 45. Bb7 Kd1 46. Bd5 Bc1 47.
Be4 Ba3 48. Kf2 Kd2 49. Bb7 Bc5 50. Kf1 Ke3 51. Kg2 Be7 52. Be4 Ke2 53. Bb7 Nc2
54. Ba6+ Ke1 55. Bb7 Ne3+ 56. Kh3 Kf2 57. Bc6 Nd1 58. Ba4 Nc3 0-1

[Event "Torneo B"]
[Site "Formia ITA"]
[Date "1995.07.??"]
[Round "?"]
[White "Vismara, Daniele"]
[Black "Auletta, Angelo"]
[Result "1/2-1/2"]
[WhiteElo "2254"]
[BlackElo "2230"]
[PlyCount "115"]
[EventDate "1995.07.20"]

1. e4 c5 2. Nf3 e6 3. d4 cxd4 4. Nxd4 Nf6 5. Nc3 d6 6. Be2 Be7 7. O-O a6 8. f4
Qc7 9. Bf3 O-O 10. Kh1 Nc6 11. a4 Rb8 12. Be3 Re8 13. Qe1 Nxd4 14. Bxd4 e5 15.
Ba7 Ra8 16. Be3 exf4 17. Bxf4 Be6 18. Rd1 Nd7 19. Nd5 Bxd5 20. Rxd5 Qxc2 21.
Qb4 Nc5 22. Bxd6 Bxd6 23. Rxd6 Rac8 24. a5 h6 25. Bh5 Re7 26. Qd4 Qxe4 27. Qf2
g6 28. Bf3 Qe5 29. Rd5 Qe3 30. Qc2 Rcc7 31. Rd8+ Kg7 32. b4 Ne6 33. Qb2+ Qc3
34. Qxc3+ Rxc3 35. Rb8 Rb3 36. Rxb7 Rxb7 37. Bxb7 Nc7 38. Rc1 Rxb4 39. Bc6 Ne6
40. Kg1 Nd4 41. Kf2 Rb2+ 42. Kf1 Kf6 43. Bd7 Ra2 44. Rc5 Ke7 45. Bc8 Kd6 46.
Rc4 Nc2 47. Rc3 Nb4 48. Rf3 f5 49. Rh3 Ke5 50. Rxh6 Kf6 51. Rh4 Nd5 52. Bb7
Ne3+ 53. Kg1 Ng4 54. Bxa6 Ra1+ 55. Bf1 Rxa5 56. h3 Ne3 57. Kf2 Ra3 58. Rd4
1/2-1/2

[Event "Torneo B"]
[Site "Formia ITA"]
[Date "1995.07.??"]
[Round "?"]
[White "Vismara, Daniele"]
[Black "La Gatta, Giovanni"]
[Result "1-0"]
[WhiteElo "2254"]
[BlackElo "2055"]
[PlyCount "115"]
[EventDate "1995.07.20"]

1. e4 c5 2. Nf3 d6 3. d4 cxd4 4. Nxd4 Nf6 5. Nc3 a6 6. a4 e6 7. Be2 Be7 8. O-O
Qc7 9. f4 b6 10. e5 Nfd7 11. exd6 Qxd6 12. Bf3 Ra7 13. Ne4 Qc7 14. Kh1 O-O 15.
b3 Nf6 16. Qe1 Bb7 17. Bb2 Nbd7 18. Rd1 Bxe4 19. Bxe4 Nxe4 20. Qxe4 Nf6 21. Qf3
Rc8 22. c4 Qc5 23. f5 e5 24. Nc2 e4 25. Qg3 Qc6 26. Ne3 Bf8 27. Rd2 Rd7 28.
Rxd7 Nxd7 29. Nd5 f6 30. Re1 Re8 31. Qc7 Qd6 32. h3 Nc5 33. Qxd6 Bxd6 34. Re3
Nd3 35. Bd4 Bc5 36. Bxc5 bxc5 37. a5 Nb4 38. Nc7 Rd8 39. Rxe4 Rd3 40. Re8+ Kf7
41. Rc8 Rxb3 42. Ne6 Ke7 43. Rxc5 Kd6 44. Rc8 g5 45. c5+ Ke5 46. c6 Nd5 47. c7
Rc3 48. Re8 Nxc7 49. Nxc7+ Kxf5 50. Nxa6 Ra3 51. Rc8 Rxa5 52. Rc5+ Rxc5 53.
Nxc5 h5 54. g3 Ke5 55. Kg2 f5 56. Kf3 g4+ 57. hxg4 hxg4+ 58. Ke3 1-0

[Event "Torneo B"]
[Site "Formia ITA"]
[Date "1995.07.??"]
[Round "?"]
[White "Vismara, Daniele"]
[Black "Ljubisavljevic, Zivojin Z."]
[Result "1/2-1/2"]
[WhiteElo "2254"]
[BlackElo "2285"]
[PlyCount "106"]
[EventDate "1995.07.20"]

1. e4 c5 2. Nf3 Nc6 3. d4 cxd4 4. Nxd4 a6 5. c4 g6 6. Be3 Bg7 7. Nc3 Nf6 8.
Nxc6 dxc6 9. Qxd8+ Kxd8 10. f3 Be6 11. O-O-O+ Ke8 12. Bb6 Nd7 13. Bd4 Bxd4 14.
Rxd4 b5 15. Nd5 cxd5 16. cxd5 Rc8+ 17. Kb1 Nf8 18. dxe6 Nxe6 19. Rd2 Rd8 20.
Rxd8+ Kxd8 21. g3 Nd4 22. Bh3 Nxf3 23. Rd1+ Kc7 24. Rd7+ Kb6 25. Rxe7 Rd8 26.
Rxf7 Ng5 27. Rd7 Rf8 28. Bg4 Rf2 29. e5 Rxh2 30. Rd1 Rf2 31. Bc8 Re2 32. e6 Ne4
33. e7 Nc5 34. Rd6+ Kc7 35. Be6 Kxd6 36. e8=Q Rxe6 37. Qf8+ Kd5 38. Qf3+ Ne4
39. g4 Rf6 40. Qd3+ Ke5 41. Qd8 Kf4 42. Qc7+ Kxg4 43. Qxh7 Kf4 44. Kc2 g5 45.
Qh2+ Ke3 46. Qh3+ Rf3 47. Qe6 Rf6 48. Qh3+ Rf3 49. Qe6 Rf6 50. Qh3+ Kf2 51.
Qh2+ Kf3 52. Qh1+ Ke3 53. Qh3+ Rf3 1/2-1/2

[Event "Torneo B"]
[Site "Formia ITA"]
[Date "1995.07.??"]
[Round "?"]
[White "Vismara, Daniele"]
[Black "Mihic, Vladimir"]
[Result "1-0"]
[WhiteElo "2254"]
[BlackElo "2220"]
[PlyCount "127"]
[EventDate "1995.07.20"]

1. e4 Nf6 2. Nc3 d6 3. d4 g6 4. h3 Bg7 5. Nf3 c6 6. Be2 O-O 7. O-O b5 8. a3 a6
9. Be3 Nbd7 10. Qd2 Bb7 11. e5 dxe5 12. dxe5 Nd5 13. Nxd5 cxd5 14. e6 Ne5 15.
Nxe5 Bxe5 16. exf7+ Rxf7 17. Bd4 Bf4 18. Be3 Qd6 19. c3 Bc6 20. Rad1 Raf8 21.
h4 Bh2+ 22. Kh1 Be5 23. Bg4 Bg7 24. Kg1 e5 25. Bh6 Bxh6 26. Qxh6 Rf4 27. Bh3 d4
28. cxd4 exd4 29. Qg5 Bd7 30. Bxd7 Qxd7 31. Qg3 Kh8 32. Rd2 Qe7 33. Rfd1 Qg7
34. Qg5 h6 35. Qc5 Rxh4 36. Rxd4 Rxd4 37. Qxd4 Qxd4 38. Rxd4 Rf6 39. Rd7 Rc6
40. Ra7 Kg8 41. b4 Kf8 42. f3 Kg8 43. Kf2 Re6 44. Kg3 Kf8 45. Kh4 Kg8 46. f4
Rf6 47. Kg4 Kh8 48. Kf3 Re6 49. g4 Rc6 50. Ke4 Kg8 51. Kd5 Rf6 52. Ke5 Rc6 53.
f5 gxf5 54. gxf5 Kf8 55. f6 h5 56. Kf5 Rc3 57. Rxa6 h4 58. Ra8+ Kf7 59. Ra7+
Kf8 60. a4 bxa4 61. b5 Rb3 62. b6 Rxb6 63. Kg6 Ke8 64. Kg7 1-0

[Event "Torneo B"]
[Site "Formia ITA"]
[Date "1995.07.??"]
[Round "?"]
[White "Vujovic, Milorad"]
[Black "Della Ragione, Achille"]
[Result "1-0"]
[WhiteElo "2305"]
[BlackElo "2142"]
[PlyCount "118"]
[EventDate "1995.07.20"]

1. c4 e6 2. Nf3 c5 3. e3 Nf6 4. b3 d5 5. Bb2 Nc6 6. cxd5 exd5 7. d4 cxd4 8.
Nxd4 Bb4+ 9. Bc3 Qa5 10. Qd2 Bxc3 11. Nxc3 O-O 12. Be2 Nxd4 13. Qxd4 Be6 14.
O-O Rfc8 15. b4 Qb6 16. Nb5 Rc2 17. Bd3 Qxd4 18. Nxd4 Rc3 19. Rfd1 a6 20. a4
Kf8 21. f3 g6 22. Kf2 Ke7 23. Ke2 Bd7 24. Kd2 Rcc8 25. Nb3 Rc7 26. b5 axb5 27.
axb5 Rxa1 28. Rxa1 b6 29. Ra6 Rb7 30. Kc3 Ne8 31. Nd4 Nc7 32. Kb4 Kd6 33. Ra1
Ne6 34. Nc2 Nc5 35. Be2 Be6 36. Rd1 Ke5 37. g3 Nd7 38. e4 Nf6 39. Ne3 g5 40.
exd5 Bxd5 41. f4+ gxf4 42. gxf4+ Kxf4 43. Nxd5+ Nxd5+ 44. Rxd5 Ke4 45. Rd8 Ke3
46. Re8+ Kf2 47. Bd3 Rd7 48. Bxh7 Rd4+ 49. Kc3 Rh4 50. Be4 Rxh2 51. Rb8 Ke3 52.
Bd5 f5 53. Rxb6 f4 54. Rf6 Rh8 55. b6 Rc8+ 56. Kb4 Kd4 57. b7 Rd8 58. Bg2 Ke5
59. Ra6 Rd2 1-0

[Event "Torneo B"]
[Site "Formia ITA"]
[Date "1995.07.??"]
[Round "?"]
[White "Vujovic, Milorad"]
[Black "Ljubisavljevic, Zivojin Z."]
[Result "1-0"]
[WhiteElo "2305"]
[BlackElo "2285"]
[PlyCount "97"]
[EventDate "1995.07.20"]

1. e4 e5 2. Nf3 Nc6 3. Bb5 a6 4. Ba4 Nf6 5. Qe2 b5 6. Bb3 Be7 7. c3 O-O 8. O-O
d6 9. h3 Na5 10. Bc2 c5 11. d4 Qc7 12. Rd1 Bd7 13. Na3 cxd4 14. cxd4 b4 15. Nb1
Bb5 16. Bd3 Rfc8 17. Nbd2 Qc2 18. Bxb5 axb5 19. Ne1 Qc7 20. dxe5 dxe5 21. b3
Qc3 22. Rb1 Nc6 23. Bb2 Nd4 24. Qf1 Qc7 25. Ra1 Rd8 26. Rdc1 Qb6 27. Nd3 Nh5
28. Nxe5 Bf6 29. Bxd4 Rxd4 30. Nef3 Rdd8 31. e5 Bxe5 32. Nxe5 Rxd2 33. Qe1 Rd4
34. Nc6 Rd6 35. Qe4 Rf8 36. Ne7+ Kh8 37. Nc8 Re6 38. Qf3 Qb8 39. Qxh5 Rxc8 40.
Rxc8+ Qxc8 41. Qxb5 Qf8 42. Rc1 g6 43. Qd7 Kg7 44. Qd4+ Kh6 45. Rc7 g5 46. h4
gxh4 47. Qxh4+ Kg7 48. Qg5+ Rg6 49. Qe5+ 1-0

[Event "Torneo B"]
[Site "Formia ITA"]
[Date "1995.07.??"]
[Round "?"]
[White "Vujovic, Milorad"]
[Black "Mihalj, Miroslav M."]
[Result "1/2-1/2"]
[WhiteElo "2305"]
[BlackElo "2240"]
[PlyCount "57"]
[EventDate "1995.07.20"]

1. c4 Nf6 2. Nf3 g6 3. d4 Bg7 4. Nc3 d5 5. g3 O-O 6. Bg2 c6 7. cxd5 cxd5 8. O-O
Nc6 9. Bf4 Ne4 10. Rc1 Nxc3 11. Rxc3 f6 12. Qb3 Kh8 13. Rc5 e6 14. h4 Rf7 15.
Rd1 Na5 16. Qc3 b6 17. Rc7 Rxc7 18. Bxc7 Qd7 19. Bf4 Ba6 20. Qd2 Nc4 21. Qc1
Rc8 22. b3 Nd6 23. Qb2 Ne4 24. Rc1 Rxc1+ 25. Bxc1 Qc8 26. Bf1 Bf8 27. Bf4 Qc3
28. Qb1 Qc8 29. Nh2 1/2-1/2

[Event "Torneo B"]
[Site "Formia ITA"]
[Date "1995.07.??"]
[Round "?"]
[White "Vujovic, Milorad"]
[Black "Mihic, Vladimir"]
[Result "1-0"]
[WhiteElo "2305"]
[BlackElo "2220"]
[PlyCount "87"]
[EventDate "1995.07.20"]

1. c4 e5 2. e3 Nf6 3. b3 Be7 4. Bb2 Nc6 5. Nf3 d6 6. Be2 O-O 7. d4 e4 8. Nfd2
Bf5 9. g4 Bg6 10. h4 h6 11. Nc3 Re8 12. a3 Bf8 13. Nf1 Nd7 14. Ng3 Bh7 15. Nd5
Ne7 16. Nf4 Ng6 17. Ng2 c6 18. Qc2 d5 19. O-O-O Nh8 20. g5 Ng6 21. gxh6 gxh6
22. Nh5 Nf6 23. Rdg1 Nxh5 24. Bxh5 Bd6 25. Kb1 Qa5 26. c5 Be7 27. Qe2 Qd8 28.
Qg4 Kf8 29. Qd1 Bf6 30. Bg4 Ke7 31. Be2 Rg8 32. Bg4 Nh8 33. Nf4 Qc7 34. Bh3 Rg7
35. Qe2 Rag8 36. Rxg7 Rxg7 37. Qh5 Ke8 38. Be6 Be7 39. Ka2 Bf8 40. Bxd5 cxd5
41. Nxd5 Qc6 42. Qe5+ Kd7 43. Nf6+ Kd8 44. d5 1-0

[Event "Torneo B"]
[Site "Formia ITA"]
[Date "1995.07.??"]
[Round "?"]
[White "Vujovic, Milorad"]
[Black "Vismara, Daniele"]
[Result "0-1"]
[WhiteElo "2305"]
[BlackElo "2254"]
[PlyCount "124"]
[EventDate "1995.07.20"]

1. c4 Nf6 2. d4 g6 3. Nc3 Bg7 4. e4 d6 5. f3 O-O 6. Be3 Nc6 7. Qd2 a6 8. g4 h5
9. h3 Rb8 10. Nd5 e5 11. dxe5 dxe5 12. Bg5 Nd4 13. gxh5 gxh5 14. Rh2 c6 15.
Nxf6+ Bxf6 16. Rg2 Kh7 17. f4 Bxh3 18. fxe5 Bxg5 19. Rxg5 Bg4 20. Rxg4 hxg4 21.
O-O-O c5 22. Qf4 Kg6 23. Kb1 Qg5 24. Qg3 Rbd8 25. Bd3 Ne6 26. Rf1 Rh8 27. Be2
Qh4 28. Qe3 Kg7 29. a3 Qg5 30. Qf2 Rd7 31. Qf6+ Kg8 32. Ka2 Qxf6 33. exf6 Rh1
34. Bxg4 Rd3 35. e5 Rg3 36. Ne2 Rxf1 37. Nxg3 Re1 38. Nf5 Rxe5 39. Nd6 b6 40.
a4 Nc7 41. Nc8 Re4 42. Bd7 Rxc4 43. Nxb6 Rf4 44. Bc8 Rxf6 45. Nd7 Rf4 46. Nxc5
Rc4 47. Nb7 Rxa4+ 48. Kb3 Ra1 49. Kb4 Nd5+ 50. Kb3 Ne7 51. Bd7 f5 52. Kc2 Kg7
53. Nc5 Kf6 54. b4 f4 55. Kb2 Rh1 56. Nxa6 f3 57. Nc5 f2 58. Ne4+ Ke5 59. Nxf2
Rh2 60. Kc3 Rxf2 61. b5 Kd6 62. Be8 Kc5 0-1

[Event "Torneo B"]
[Site "Formia ITA"]
[Date "1995.07.??"]
[Round "?"]
[White "Zinani, Alessandro"]
[Black "Castrogiovanni, Carlo"]
[Result "1-0"]
[WhiteElo "2100"]
[BlackElo "1929"]
[PlyCount "115"]
[EventDate "1995.07.20"]

1. d4 d5 2. c4 Bf5 3. Nc3 e6 4. cxd5 exd5 5. e3 Nf6 6. Bd3 Bxd3 7. Qxd3 c6 8.
Nf3 Bd6 9. O-O O-O 10. Rb1 Qe7 11. Qf5 Nbd7 12. Nd2 Rae8 13. Re1 g6 14. Qh3 Nh5
15. e4 Nf4 16. Qf3 dxe4 17. Ndxe4 f5 18. Bxf4 fxe4 19. Bxd6 Qxd6 20. Nxe4 Qxd4
21. Qe3 Qxe3 22. Rxe3 Re5 23. Rd1 Rd5 24. Rxd5 cxd5 25. Nd6 Nc5 26. b4 d4 27.
Re2 Na6 28. a3 b6 29. Rd2 Rf4 30. Nb5 Kf7 31. g3 Rg4 32. Nxa7 Nb8 33. f3 Rg5
34. Rxd4 Ke6 35. Nc8 b5 36. Rd6+ Kf7 37. f4 Rf5 38. Rb6 Nd7 39. Rxb5 Rxb5 40.
Nd6+ Ke6 41. Nxb5 Kd5 42. Nc7+ Kc4 43. Kf2 Kb3 44. Ne6 Kxa3 45. b5 Kb4 46. b6
Kb5 47. b7 Kc6 48. Nf8 Nb8 49. Nxh7 Kxb7 50. Nf8 g5 51. fxg5 Nc6 52. Ke3 Kc7
53. Ke4 Kd6 54. h4 Ke7 55. Ng6+ Ke8 56. h5 Nd8 57. Kf5 Kf7 58. h6 1-0

[Event "Torneo B"]
[Site "Formia ITA"]
[Date "1995.07.??"]
[Round "?"]
[White "Zinani, Alessandro"]
[Black "Liguori, Renato"]
[Result "1-0"]
[WhiteElo "2100"]
[BlackElo "1888"]
[PlyCount "99"]
[EventDate "1995.07.20"]

1. d4 Nf6 2. Nf3 g6 3. Bf4 Bg7 4. e3 d6 5. Bc4 O-O 6. h3 c5 7. c3 b6 8. O-O Bb7
9. dxc5 bxc5 10. Nbd2 e5 11. Bg5 e4 12. Nh2 d5 13. Be2 h6 14. Bh4 Qb6 15. Qb3
Nbd7 16. a4 c4 17. Qa3 Rfc8 18. a5 Qc5 19. Qxc5 Nxc5 20. f3 Bc6 21. Bxf6 Bxf6
22. fxe4 Bg5 23. exd5 Bxe3+ 24. Kh1 Bxd5 25. Bxc4 Rd8 26. Bxd5 Rxd5 27. Nc4 Bg5
28. Nf3 Bf6 29. Rad1 Nd3 30. Nd4 Ne5 31. Nxe5 Bxe5 32. Nc6 Rxd1 33. Rxd1 Bg3
34. a6 Bf2 35. g4 Re8 36. Rd8 Kf8 37. Kg2 Bb6 38. Rxe8+ Kxe8 39. Kf3 f6 40. Ke4
Kd7 41. Kd5 Bf2 42. c4 Kc7 43. c5 f5 44. gxf5 gxf5 45. Nxa7 f4 46. Nb5+ Kb8 47.
c6 Be3 48. c7+ Kc8 49. Kc6 Bc5 50. a7 1-0

[Event "Torneo B"]
[Site "Formia ITA"]
[Date "1995.07.??"]
[Round "?"]
[White "Zinani, Alessandro"]
[Black "Stoll, Thomas"]
[Result "0-1"]
[WhiteElo "2100"]
[BlackElo "1950"]
[PlyCount "70"]
[EventDate "1995.07.20"]

1. d4 g6 2. Nf3 Bg7 3. Bf4 d6 4. e3 Nd7 5. Bc4 c6 6. O-O Qb6 7. Bb3 a5 8. Nc3
Ngf6 9. e4 O-O 10. e5 Nh5 11. Be3 dxe5 12. dxe5 Qc7 13. g4 Nxe5 14. Nxe5 Bxe5
15. gxh5 Bxh2+ 16. Kg2 a4 17. f4 Ra5 18. Kxh2 Rxh5+ 19. Kg1 axb3 20. axb3 Bh3
21. Rf2 Rd8 22. Qf3 Qc8 23. Rh2 Qf5 24. Re1 e5 25. Ne4 Bg4 26. Rxh5 gxh5 27.
Qg2 exf4 28. Bb6 Rd5 29. Nc3 Rd6 30. Re8+ Kg7 31. Qe4 Qxe4 32. Rxe4 f3 33. Rd4
Rg6 34. Kf2 h4 35. Bc7 Bh5 0-1

[Event "Torneo B"]
[Site "Formia ITA"]
[Date "1995.07.??"]
[Round "?"]
[White "Zinani, Alessandro"]
[Black "Vujovic, Milorad"]
[Result "1-0"]
[WhiteElo "2100"]
[BlackElo "2305"]
[PlyCount "100"]
[EventDate "1995.07.20"]

1. d4 Nf6 2. Nf3 b5 3. Bf4 Bb7 4. e3 a6 5. c4 b4 6. Bd3 e6 7. Nbd2 c5 8. O-O
Be7 9. Qc2 h6 10. Rad1 Nh5 11. Bxb8 Qxb8 12. Ne5 Nf6 13. Ne4 Ra7 14. f4 Qc7 15.
Nxf6+ gxf6 16. Nf3 f5 17. d5 Rg8 18. Ne5 d6 19. Nf3 Kd8 20. e4 fxe4 21. Bxe4 f5
22. Bd3 exd5 23. cxd5 Bxd5 24. Bxf5 Qc6 25. Qd3 Bf7 26. Be4 Qb5 27. Ne5 Be8 28.
Qd5 Rg7 29. f5 Bf8 30. f6 Rgc7 31. Qg8 c4 32. Qxf8 Qxe5 33. Rxd6+ Kc8 34. Bf5+
Kb7 35. Re6 Qd4+ 36. Kh1 Bc6 37. Qxb4+ Ka8 38. Qf8+ Kb7 39. Re2 Ra8 40. Qb4+
Ka7 41. Rd2 Qxf6 42. Qc5+ Kb7 43. Bc8+ Kxc8 44. Rxf6 Bxg2+ 45. Rxg2 Rxc5 46.
Rg8+ Kb7 47. Rf7+ Kb6 48. Rxa8 Rd5 49. Rf6+ Kc5 50. Raxa6 Rd2 1-0

[Event "IV Festival A"]
[Site "Montecatini Terme ITA"]
[Date "1995.07.??"]
[Round "1"]
[White "Bini, Lorenzo"]
[Black "De Santis, Alessio"]
[Result "0-1"]
[WhiteElo "2013"]
[BlackElo "2260"]
[PlyCount "74"]
[EventDate "1995.07.29"]

1. b3 d6 2. Bb2 e5 3. g3 f5 4. Bg2 Nf6 5. e3 c6 6. c4 Nbd7 7. d4 e4 8. Ne2 Qe7
9. Nbc3 h5 10. Nf4 Qf7 11. h4 Be7 12. a4 a5 13. Qc2 Ng4 14. Ba3 Ndf6 15. Qe2
O-O 16. O-O Bd7 17. Rfb1 Kh7 18. b4 axb4 19. Rxb4 Ra7 20. Rb3 Rfa8 21. Rab1 b5
22. cxb5 cxb5 23. Nxb5 Rxa4 24. Bc1 Ra2 25. R3b2 Rxb2 26. Rxb2 Ra1 27. Qc2 Nd5
28. Nxd5 Qxd5 29. Bf1 Qa8 30. Kg2 Bxh4 31. Nxd6 Be7 32. Nb5 h4 33. Qc7 Bxb5 34.
Bxb5 hxg3 35. Qxe7 Rxc1 36. Bd7 Qa5 37. Qh4+ Nh6 0-1

[Event "IV Festival A"]
[Site "Montecatini Terme ITA"]
[Date "1995.07.??"]
[Round "1"]
[White "Collareta, Giovanni"]
[Black "Magalotti, Andrea"]
[Result "1-0"]
[WhiteElo "2260"]
[BlackElo "2205"]
[PlyCount "45"]
[EventDate "1995.07.29"]

1. c4 c5 2. Nf3 Nf6 3. Nc3 b6 4. g3 Bb7 5. Bg2 e6 6. O-O Be7 7. d4 cxd4 8. Qxd4
O-O 9. Rd1 d6 10. b3 Nbd7 11. Bb2 a6 12. Ng5 Bxg2 13. Kxg2 Qc7 14. Rac1 Rfd8
15. Kg1 Qc5 16. Nf3 Qxd4 17. Nxd4 Nc5 18. Nc6 Rd7 19. Nxe7+ Rxe7 20. Rxd6 Rb8
21. Rcd1 Ncd7 22. Ne4 Rb7 23. Bxf6 1-0

[Event "IV Festival A"]
[Site "Montecatini Terme ITA"]
[Date "1995.07.??"]
[Round "1"]
[White "Collutiis, Duilio"]
[Black "Ferretti, Folco"]
[Result "1/2-1/2"]
[WhiteElo "2017"]
[BlackElo "2270"]
[PlyCount "63"]
[EventDate "1995.07.29"]

1. e4 e5 2. Nf3 Nc6 3. Bc4 Nf6 4. d3 h6 5. c3 g6 6. O-O d6 7. Re1 Bg7 8. Nbd2
O-O 9. Nf1 Nh5 10. h3 Qf6 11. Ne3 Be6 12. Ng4 Bxg4 13. hxg4 Nf4 14. g3 Ne6 15.
Kg2 Na5 16. Bb3 Nxb3 17. axb3 Qe7 18. Rh1 g5 19. Nd2 Rfd8 20. Qf3 c6 21. Nc4 d5
22. Ne3 dxe4 23. dxe4 Nc5 24. Nf5 Qe6 25. b4 Nb3 26. Rb1 Nxc1 27. Rbxc1 Rd2 28.
Rcd1 Rad8 29. Rxd2 Rxd2 30. Rd1 Qd7 31. Rxd2 Qxd2 32. Qe3 1/2-1/2

[Event "IV Festival A"]
[Site "Montecatini Terme ITA"]
[Date "1995.07.??"]
[Round "1"]
[White "Di Lazzaro, Gabriele"]
[Black "Belotti, Bruno"]
[Result "0-1"]
[WhiteElo "2115"]
[BlackElo "2380"]
[PlyCount "72"]
[EventDate "1995.07.29"]

1. Nf3 Nf6 2. g3 d5 3. Bg2 e6 4. d4 Be7 5. O-O O-O 6. c3 b6 7. Nbd2 Bb7 8. e4
Nxe4 9. Nxe4 dxe4 10. Nd2 f5 11. Re1 c5 12. dxc5 Bxc5 13. Nb3 Na6 14. Bf4 Qf6
15. Qh5 Be7 16. Rad1 e5 17. Be3 Rad8 18. Rxd8 Rxd8 19. Rd1 Rxd1+ 20. Qxd1 Qd6
21. Qxd6 Bxd6 22. Bf1 Kf7 23. Bc4+ Kf6 24. a4 f4 25. gxf4 exf4 26. Bd4+ Be5 27.
Bxa6 Bxa6 28. a5 Bxd4 29. Nxd4 bxa5 30. Nc6 Ke6 31. Nxa5 Kd5 32. b3 g5 33. c4+
Kc5 34. b4+ Kxb4 35. Nc6+ Kxc4 36. Nxa7 Kc5 0-1

[Event "IV Festival A"]
[Site "Montecatini Terme ITA"]
[Date "1995.07.??"]
[Round "1"]
[White "Drasko, Milan"]
[Black "Gagliardi, Pietro"]
[Result "1-0"]
[WhiteElo "2505"]
[BlackElo "2180"]
[PlyCount "85"]
[EventDate "1995.07.29"]

1. d4 Nf6 2. c4 c5 3. d5 d6 4. Nf3 g6 5. g3 Bg7 6. Bg2 O-O 7. O-O e6 8. dxe6
Bxe6 9. Ng5 Nc6 10. Nxe6 fxe6 11. Nc3 Qe7 12. Bg5 Ne5 13. b3 Nf7 14. Bd2 Rad8
15. Qc2 d5 16. Rab1 d4 17. Na4 b6 18. b4 Nd7 19. bxc5 Nxc5 20. Nxc5 bxc5 21. a4
Nd6 22. a5 e5 23. Bd5+ Kh8 24. e4 Rf3 25. Rb3 Rdf8 26. Kg2 Rxb3 27. Qxb3 h5 28.
Qa3 Qc7 29. Rb1 Kh7 30. Rb3 Rc8 31. a6 Bf8 32. Ba5 Qd7 33. Bd2 Qc7 34. Qb2 Qd7
35. Qa2 Qe8 36. h3 Rb8 37. Qb1 Rxb3 38. Qxb3 Bh6 39. Ba5 Qf8 40. Bc7 Bg7 41.
Qb8 Nc8 42. Be6 d3 43. Ba5 1-0

[Event "IV Festival A"]
[Site "Montecatini Terme ITA"]
[Date "1995.07.??"]
[Round "1"]
[White "Drazic, Sinisa"]
[Black "Rossi, Giampiero"]
[Result "1-0"]
[WhiteElo "2405"]
[BlackElo "2135"]
[PlyCount "99"]
[EventDate "1995.07.29"]

1. e4 c5 2. Nf3 e6 3. d4 cxd4 4. Nxd4 a6 5. Bd3 Nc6 6. Nxc6 dxc6 7. O-O e5 8.
Nd2 Bd6 9. Nc4 Bc7 10. a4 Nf6 11. Qf3 O-O 12. Bg5 h6 13. Bxf6 Qxf6 14. Qxf6
gxf6 15. a5 Be6 16. Rfe1 Rad8 17. Re3 Rd4 18. Rg3+ Kh7 19. Ne3 Rg8 20. Kf1 Rxg3
21. hxg3 Kg6 22. Ke2 c5 23. c3 Rd8 24. Bc4 Kg5 25. Ra4 Kg6 26. Bd5 Bd7 27. Ra2
Rb8 28. Kd3 Bb5+ 29. Kc2 Bd6 30. Ra1 b6 31. axb6 Rxb6 32. Nc4 Bxc4 33. Bxc4 f5
34. exf5+ Kxf5 35. Bxf7 Bc7 36. Bc4 a5 37. Re1 Rd6 38. Bd3+ Kf6 39. g4 Rd8 40.
Ra1 Kg7 41. g5 Rh8 42. g6 Rf8 43. f3 Rf4 44. Be4 Rf6 45. Rd1 Rd6 46. Rxd6 Bxd6
47. Kb3 Be7 48. Ka4 Bg5 49. Kxa5 Bc1 50. b4 1-0

[Event "IV Festival A"]
[Site "Montecatini Terme ITA"]
[Date "1995.07.??"]
[Round "1"]
[White "Duarte, Riccardo"]
[Black "Sedina, Elena"]
[Result "0-1"]
[WhiteElo "2050"]
[BlackElo "2350"]
[PlyCount "46"]
[EventDate "1995.07.29"]

1. e4 Nf6 2. Nc3 d5 3. e5 Nfd7 4. d4 e6 5. Nce2 c5 6. c3 Nc6 7. Nf3 Qb6 8. Rb1
cxd4 9. cxd4 Bb4+ 10. Bd2 f6 11. a3 Bxd2+ 12. Qxd2 fxe5 13. Qg5 O-O 14. dxe5
Ndxe5 15. Nxe5 Qxf2+ 16. Kd2 Rf5 17. Nd3 Qxe2+ 18. Bxe2 Rxg5 19. g4 e5 20. h4
Be6 21. Rbg1 b6 22. b4 Rb8 23. b5 Nd4 0-1

[Event "IV Festival A"]
[Site "Montecatini Terme ITA"]
[Date "1995.07.??"]
[Round "1"]
[White "Gaido, Paolo"]
[Black "Efimov, Igor"]
[Result "0-1"]
[WhiteElo "2160"]
[BlackElo "2450"]
[PlyCount "54"]
[EventDate "1995.07.29"]

1. Nf3 c5 2. c4 Nf6 3. Nc3 g6 4. g3 Bg7 5. Bg2 O-O 6. O-O Nc6 7. d4 cxd4 8.
Nxd4 Qa5 9. Nc2 d6 10. Qd2 Nd7 11. Ne3 Rb8 12. Ned5 Nde5 13. Qf4 f5 14. b4 Qd8
15. b5 e6 16. bxc6 bxc6 17. Rb1 Rxb1 18. Nxb1 exd5 19. cxd5 c5 20. Qa4 Qb6 21.
Bd2 Qa6 22. Nc3 Qxa4 23. Nxa4 Ba6 24. Rb1 Bxe2 25. Rb7 Nf3+ 26. Bxf3 Bxf3 27.
Bc3 Bd4 0-1